00734nam a2200241 a 4500001001300000003000900013005001700022008004100039020002600080082001600106100002000122245006700142260002800209300000900237500003500246505002000281650002200301700002000323902000800343942000700351952011700358999001700475nice12345678IN_TiNIC20260116013833.0050524s1995 lona grp 000 0 eng  a1570625 c333.9500a296.16bHOF aHoffman, Edward aOpening the Inner Gatesb New Paths in Kabbalah and Psychology aLondonbShambhalac1995 a307p aincludes index and biblioraphy2 aGlossary, Index aMysticism-Judaism1 aHoffman, Edward bSRS cBK 001040708StackRoom-aHMIbHMId2007-07-27g333.95l0o296.16 HOFp017979r2007-07-27v333.95w2005-05-24yBK c12755d12755